[Event "ROM-chT"]
[Site "Baile Tusnad"]
[Date "2005.05.26"]
[Round "6"]
[White "Manolache, Marius"]
[Black "Chiricuta, Marius"]
[Result "1-0"]
[WhiteElo "2468"]
[BlackElo "2221"]
[PlyCount "67"]
[EventDate "2005.05.21"]
[EventType "team"]
[EventRounds "9"]
[EventCountry "ROU"]
[SourceTitle "CBM 106 Extra"]
[Source "ChessBase"]
[SourceDate "2005.07.01"]
[SourceVersion "1"]
[SourceVersionDate "2005.07.01"]
[SourceQuality "1"]

1. d4 f5 2. g3 Nf6 3. Bg2 e6 4. c4 Be7 5. Nc3 d5 6. Nh3 c6 7. 0-0 0-0 8. b3 Na6 9. Bb2 Nc7 10. Nf4 b6 11. Nd3 Bb7 12. Na4 Qe8 13. Qc1 Rc8 14. Ba3 Bxa3 15. Qxa3 Qh5 16. Nc3 Ba6 17. Nb4 Bb7 18. Qxa7 Ba8 19. Qxb6 Nd7 20. Qa7 f4 21. Nd3 g5 22. gxf4 gxf4 23. Bf3 Qh4 24. Kh1 Nf6 25. Rg1+ Kh8 26. Qa5 e5 27. Qa7 Ne6 28. Nxe5 Ng5 29. Rxg5 Qxg5 30. Rg1 Qh6 31. c5 Ne4 32. Nxe4 dxe4 33. Bxe4 f3 34. exf3 1-0

[Event "Techirghiol Fair Play 11th"]
[Site "Techirghiol"]
[Date "2003.07.10"]
[Round "10"]
[White "Manescu, Tiberiu"]
[Black "Chiricuta, Marius"]
[Result "1-0"]
[WhiteElo "2354"]
[BlackElo "2216"]
[PlyCount "87"]
[EventDate "2003.07.01"]
[EventType "tourn"]
[EventRounds "11"]
[EventCountry "ROU"]
[EventCategory "2"]
[SourceTitle "CBM 095 Extra"]
[Source "ChessBase"]
[SourceDate "2003.09.04"]
[SourceVersion "1"]
[SourceVersionDate "2003.09.04"]
[SourceQuality "1"]

1. e4 c5 2. Nf3 Nc6 3. d4 cxd4 4. Nxd4 g6 5. c4 Bg7 6. Be3 d6 7. Nc3 Nh6 8. Be2 0-0 9. 0-0 f5 10. exf5 Bxd4 11. Bxh6 Rxf5 12. Qd2 Qb6 13. Bd3 Rf7 14. Rab1 Bf5 15. Nd5 Qd8 16. Bxf5 gxf5 17. Qg5+ Kh8 18. Qh4 Bg7 19. Bg5 Qd7 20. Rfe1 Re8 21. Re3 Be5 22. Rh3 f4 23. Re1 Qf5 24. Qh5 Kg8 25. Rh4 Nd4 26. Rg4 Kh8 27. Bf6+ Rxf6 28. Qxe8+ Rf8 29. Qxe7 Ne6 30. Rh4 Rg8 31. f3 Bd4+ 32. Kh1 Bf2 33. Qxe6 Qxe6 34. Rxe6 Bxh4 35. Nxf4 Rc8 36. b3 b5 37. Re4 bxc4 38. Rxc4 Re8 39. g3 Bg5 40. Nd5 Re1+ 41. Kg2 Re2+ 42. Kh3 Rxa2 43. f4 Bh6 44. Rc7 1-0

[Event "Techirghiol Fair Play 11th"]
[Site "Techirghiol"]
[Date "2003.07.01"]
[Round "1"]
[White "Burnoiu, Constantina"]
[Black "Chiricuta, Marius"]
[Result "0-1"]
[WhiteElo "2180"]
[BlackElo "2216"]
[PlyCount "82"]
[EventDate "2003.07.01"]
[EventType "tourn"]
[EventRounds "11"]
[EventCountry "ROU"]
[EventCategory "2"]
[SourceTitle "CBM 095 Extra"]
[Source "ChessBase"]
[SourceDate "2003.09.04"]
[SourceVersion "1"]
[SourceVersionDate "2003.09.04"]
[SourceQuality "1"]

1. e4 c5 2. Nf3 Nc6 3. d4 cxd4 4. Nxd4 g6 5. Nc3 Bg7 6. Be3 Nf6 7. Bc4 0-0 8. Bb3 a5 9. f3 d5 10. Nxd5 Nxd5 11. exd5 Nxd4 12. Bxd4 e5 13. Be3 a4 14. c4 axb3 15. Qxb3 Bh6 16. 0-0 Bxe3+ 17. Qxe3 Qd6 18. Rfd1 b6 19. Kh1 Bf5 20. a3 Rfc8 21. Rac1 Ra7 22. b4 Rac7 23. Qb3 e4 24. g4 Bd7 25. fxe4 Bxg4 26. Re1 Qf4 27. Qd3 Re7 28. Rc3 Bf5 29. Qg3 Rxe4 30. Qxf4 Rxf4 31. Rec1 Rg4 32. h4 Re8 33. c5 Re2 34. Rc4 Rgg2 35. R1c3 bxc5 36. bxc5 Rh2+ 37. Kg1 Reg2+ 38. Kf1 Ra2 39. Kg1 Rhd2 40. Rf4 Be4 41. Re3 Rd1+ 0-1

[Event "Miercurea Ciuc Banc Post"]
[Site "Miercurea Ciuc"]
[Date "2001.09.27"]
[Round "7"]
[White "Chiricuta, Marius"]
[Black "Iankowski, Roman"]
[Result "0-1"]
[WhiteElo "2238"]
[BlackElo "2394"]
[PlyCount "58"]
[EventDate "2001.09.22"]
[EventType "tourn"]
[EventRounds "10"]
[EventCountry "ROU"]
[EventCategory "3"]
[SourceTitle "CBM 084 Extra"]
[Source "ChessBase"]
[SourceDate "2001.10.26"]
[SourceVersion "1"]
[SourceVersionDate "2001.10.26"]
[SourceQuality "1"]

1. e4 Nf6 2. e5 Nd5 3. Nc3 Nb6 4. a4 a5 5. d4 d6 6. Bd3 Nc6 7. f4 Nxd4 8. Be3 dxe5 9. fxe5 Nc6 10. Bxb6 cxb6 11. Nf3 g6 12. Qe2 Be6 13. 0-0-0 Qb8 14. Bb5 Bh6+ 15. Kb1 0-0 16. Nd5 Bxd5 17. Rxd5 Rd8 18. Rhd1 Rxd5 19. Rxd5 e6 20. Rd6 Qc7 21. Qc4 Rc8 22. Bxc6 bxc6 23. Qh4 Bg7 24. Ng5 h6 25. Ne4 Bxe5 26. Qxh6 Rd8 27. Rxd8+ Qxd8 28. Nf2 Bxb2 29. Nd3 Bf6 0-1